00445nam a2200145 a 450000100100000000500170001000800410002704000250006808200170009310000200011024500640013026000480019430000280024250400290027000004209720201002035934.0131114s1959 ag 000 0 spa d aDO-SdBNPbspacBNPHU axxxxxbxxxxx1 aMarasso, Arturo10aRubén Darío :bantología poética /cArturo Marasso. aBuenos Aires, Argentina :bKapelusz,c1959. alxxiv, 445 p. ;c15 cm. aBibliografías : p. 445